BSOP header

Playing together : (Record no. 7950)

MARC details
000 -LEADER
fixed length control field 00629nam a2200193 4500
008 - FIXED-LENGTH DATA ELEMENTS--GENERAL INFORMATION
fixed length control field 020305s1995 GC 1 engYA
020 ## - INTERNATIONAL STANDARD BOOK NUMBER
International Standard Book Number 068480249X
090 ## - LOCALLY ASSIGNED LC-TYPE CALL NUMBER (OCLC); LOCAL CALL NUMBER (OCLC)
Classification number (OCLC) (R) ; Classification number, CALL (RLIN) (NR) GV1203
Local cutter number (OCLC) ; Book number/undivided call number, CALL (RLIN) Su7
100 1# - MAIN ENTRY--PERSONAL NAME
Personal name Smolen, Wendy
245 10 - TITLE STATEMENT
Title Playing together :
Remainder of title 101 terrific games and activities that children ages 3-9 can do together /
Statement of responsibility, etc Wendy Smolen.
260 ## - PUBLICATION, DISTRIBUTION, ETC. (IMPRINT)
Place of publication, distribution, etc New York :
Name of publisher, distributor, etc Fireside,
Date of publication, distribution, etc c1995.
300 ## - PHYSICAL DESCRIPTION
Extent 207 p. :
Other physical details ills.
504 ## - BIBLIOGRAPHY, ETC. NOTE
Bibliography, etc Includes index
650 #4 - SUBJECT ADDED ENTRY--TOPICAL TERM
Topical term or geographic name as entry element Creative activities and seat work.
650 #4 - SUBJECT ADDED ENTRY--TOPICAL TERM
Topical term or geographic name as entry element Games.
650 #4 - SUBJECT ADDED ENTRY--TOPICAL TERM
Topical term or geographic name as entry element Indoor games.
951 ## - EQUIVALENCE OR CROSS-REFERENCE-GEOGRAPHIC NAME/AREA NAME [OBSOLETE] [CAN/MARC only]
General subdivision 00026972
950 0# - LOCAL HOLDINGS (RLIN)
-- .58
951 ## - EQUIVALENCE OR CROSS-REFERENCE-GEOGRAPHIC NAME/AREA NAME [OBSOLETE] [CAN/MARC only]
-- 24588
-- GV1203/Su7
-- 070613111051562
-- 2000-12-21
-- GC
Holdings
Withdrawn status Lost status Damaged status Not for loan Home library Current library Shelving location Date acquired Accession number Shelving control number Total Checkouts Full call number Barcode Date last seen Price effective from Koha item type
        BSOP Library BSOP Library GC 12/21/2000 24588 127   GV1203/Su7 00026972 02/23/2013 02/23/2013 Books
BSOP

Biblical Seminary of the Philippines
  All rights Reserved
  © 2024

CONTACT INFORMATION

Biblical Seminary of the Philippines,
  77-B Karuhatan Road, Valenzuela City,
  PHILIPPINES 1441
  Phone: +632 8292-6795 / 8292-6798
  Fax : +632 8292-6675
  Email: library@bsop.edu.ph